| 000 | 00419nam a2200157Ia 4500 | ||
|---|---|---|---|
| 008 | 100122s9999 xx 000 0 und d | ||
| 082 |
_b48496 _a796.52 |
||
| 100 | _aWEARE GARRY | ||
| 245 | _aTREKKING IN THE INDIAN HIMALAYA | ||
| 250 | _a0 | ||
| 260 |
_bLONELY PLANET PUBLICATION _c1991 |
||
| 300 | _a172 | ||
| 630 | _aTREKKING IN THE INDIAN HIMALAYA | ||
| 730 | _aTREKKING IN THE INDIAN HIMALAYA | ||
| 942 | _cBOOK | ||
| 999 |
_c374624 _d374621 |
||